El juego predeportivo en la educación física y el deporte

Uloženo v:
Podrobná bibliografie
Hlavní autor: García Fogeda, Miguel Angel (Autor)
Médium: Kniha
Jazyk:španělština
Vydáno: Madrid Augusto E. Pila Teleña 1982
Témata:
Tagy: Přidat tag
Žádné tagy, Buďte první, kdo vytvoří štítek k tomuto záznamu!

MARC

LEADER 00000nam a2200000 a 4500
001 UCW3787
003 CL-VaPUC
008 890327e19820000SP |||||||||||||||||spa|d
082 0 4 |a 796.1  |b GAR  |2 21 
100 0 |a García Fogeda, Miguel Angel  |e author  |9 308169 
245 1 3 |a El juego predeportivo en la educación física y el deporte 
300 |a 142 p 
942 |c BK 
945 |d 19890327 00:00:00 
260 |a Madrid  |b Augusto E. Pila Teleña  |c 1982 
650 0 |a Juegos infantiles  |9 307365 
650 0 |a Educación física  |9 240893 
650 0 |a Niños  |9 255605 
650 0 |a Deportes  |9 224367 
650 0 |a Juegos educativos  |9 307366 
583 |a last modification  |c 20170913 11:45:40  |k Rodrigo Vera 
999 |c 217680  |d 217678 
952 |0 0  |1 0  |4 0  |6 796_100000000000000_GAR_1982  |7 0  |8 P  |9 205744  |a BIBEDU  |b BIBEDU  |c BIBEDU_PB  |d 2019-11-15  |i 1557041  |o 796.1 GAR 1982  |p 1557041  |r 2024-01-25  |w 2019-11-15  |y BK  |k EDU